| Tag |
First Indicator |
Second Indicator |
Subfields |
| LEADER |
00000cam a2200000 4500 |
| 001 |
in00000192413 |
| 005 |
20151009050924.0 |
| 008 |
731221s1964 nyua 00000 eng |
| 010 |
|
|
|a 64013666
|
| 035 |
|
|
|a (OCoLC)00766434
|
| 035 |
|
|
|9 AAV2337AM
|
| 040 |
|
|
|c CSU
|d TXA
|d UtOrBLW
|
| 049 |
|
|
|a TXAM
|c [913808]
|
| 082 |
0 |
|
|a 372.41
|
| 090 |
|
|
|a LB1525
|b .W13
|
| 100 |
1 |
|
|a Walcutt, Charles Child,
|d 1908-
|
| 245 |
1 |
0 |
|a Your child's reading ;
|b a guide for parents who want to help /
|c In collaboration with John C. Daniels and Hunter Diack. Illustrated by Charles Fellows.
|
| 250 |
|
|
|a [Original ed.].
|
| 264 |
|
2 |
|a New York :
|b Cornerstone Library; [distributed by Affiliated Publishers],
|c [1964]
|
| 300 |
|
|
|a 142 pages :
|b illustrations ;
|c 21cm.
|
| 336 |
|
|
|a text
|b txt
|2 rdacontent
|
| 337 |
|
|
|a unmediated
|b n
|2 rdamedia
|
| 338 |
|
|
|a volume
|b nc
|2 rdacarrier
|
| 500 |
|
|
|a "69."
|
| 650 |
|
0 |
|a Reading (Elementary)
|
| 999 |
|
|
|a MARS
|
| 999 |
f |
f |
|s b4a2b898-d9a2-3b14-bb6d-c5f6ba46ba48
|i 89eb416c-1e1d-30f6-933f-92806d3c5775
|t 0
|
| 952 |
f |
f |
|p normal
|a Texas A&M University
|b College Station
|c Sterling C. Evans Library
|d Evans: Library Stacks
|t 0
|e LB1525 .W13
|h Library of Congress classification
|i unmediated -- volume
|m A14803261953
|
| 998 |
f |
f |
|a LB1525 .W13
|t 0
|l Evans: Library Stacks
|